Hottest men to ever exist!! - Statistics

General Stats
  • This quiz has been taken 107 times
  • The average score is 5 of 16
Answer Stats
Picture Answer % Correct
Brad Pitt
82%
Zayn Malik
82%
Austin Butler
47%
Neymar Jr
45%
Theo James
44%
Christian Bale
41%
Drew Starkey
37%
Jack Grealish
36%
Evan Peters
32%
Gavin Casalegno
16%
Aaron paul
12%
Chico Lachowski
10%
Gabriel Guevara
7%
Benjamin Wadsworth
4%
Wentworth Miller
3%
Kaden Hammond
0%
No matching quizzes found
Score Distribution
Percent of People with Each Score
Percentile by Number Answered
Your Score History
You have not taken this quiz